Normal view
MARC view
- Lodhi, Annam Khawer
Entry Personal Name
001 - CONTROL NUMBER
- control field: 130160
003 - CONTROL NUMBER IDENTIFIER
- control field: NUST
005 - DATE AND TIME OF LATEST TRANSACTION
- control field: 20250728153948.0
008 - FIXED-LENGTH DATA ELEMENTS
- fixed length control field: 250728|| aca||aabn | a|a d
040 ## - CATALOGING SOURCE
- Original cataloging agency: NUST
- Transcribing agency: NUST
100 ## - HEADING--PERSONAL NAME
- Personal name: Lodhi, Annam Khawer
670 ## - SOURCE DATA FOUND
- Source citation: Work cat.: (NUST): Lodhi, Annam Khawer, Gendered Cyber Harassment Against Women in Pakistan on Twitter (X) – A Mixed Method Study/
